| 000 | 00443cam a2200145 4500500 | ||
|---|---|---|---|
| 005 | 20251228053032.0 | ||
| 041 | _afre | ||
| 042 | _adc | ||
| 100 | 1 | 0 |
_aClaude, Viviane _eauthor |
| 245 | 0 | 0 | _aAppel à articles |
| 260 | _c2008. | ||
| 500 | _a8 | ||
| 786 | 0 | _nEspaces et sociétés | 132-133 | 1 | 2008-04-28 | p. 7-9 | 0014-0481 | |
| 856 | 4 | 1 | _uhttps://shs.cairn.info/revue-espaces-et-societes-2008-1-page-7?lang=fr&redirect-ssocas=7080 |
| 999 |
_c1584996 _d1584996 |
||